The tao of statistics : a path to understanding (with no math) /

Detalhes bibliográficos
Autor principal: Keller, Dana K.
Formato: Livro
Idioma:English
Publicado em: Thousand Oaks, Calif. : Sage Publications, c2006.
Assuntos:
Classic Catalogue: View this record in Classic Catalogue
LEADER 01249nam a2200253 a 4500
001 0017852
003 BD-DhAAL
008 090824s2006 caua 000 0 eng d
010 |a  2005005273 
020 |a 1412924731 (acid-free paper) 
020 |a 1412913144 (pbk. : acid-free paper) 
040 |a DLC  |c DLC  |d YDX  |d BAKER  |d DLC  |d BD-DhAAL 
082 0 0 |a 519.5  |2 22 
100 1 |a Keller, Dana K.  |9 58511 
245 1 4 |a The tao of statistics :  |b a path to understanding (with no math) /  |c Dana K. Keller ; illustrated by Helen Cardiff. 
260 |a Thousand Oaks, Calif. :  |b Sage Publications,  |c c2006. 
300 |a xi, 153 p. :  |b ill. ;  |c 22 cm 
526 |a JPGSPH  |x Mrityunjoy Das Academic and Administrative Officer James P Grant School of Public Health BRAC University 
541 1 |e 0017852  |a Paragon Enterprises LTD 
650 0 |a Statistics. 
852 4 |a Ayesha Abed Library  |c General Stacks 
942 |2 ddc  |c BK 
999 |c 3384  |d 3384 
952 |0 0  |1 0  |2 ddc  |4 0  |6 519_500000000000000_KEL_2006  |7 0  |9 3073  |a BRACUL  |b BRACUL  |c GEN  |d 2009-08-31  |e D. S. Books International  |g 1745.00  |l 9  |m 33  |o 519.5 KEL  |p 3010017852  |r 2026-04-01  |s 2026-01-18  |t 1  |w 2009-08-31  |y BK  |x Requisitioned by Mrityunjoy Das,Academic and Administrative Officer, James P Grant School of Public Health, BRAC University